5HLuxD.jpg

KING HENRY VIII SENIOR AND PRIMARY SCHOOL LIBRARY OPAC

Cambridge International AS and A level English language / (Record no. 1206)

000 -LEADER
fixed length control field 01039nam a22003131i 4500
001 - CONTROL NUMBER
control field 019846916
003 - CONTROL NUMBER IDENTIFIER
control field UkOxU
005 - DATE AND TIME OF LATEST TRANSACTION
control field 20221129110542.0
008 - FIXED-LENGTH DATA ELEMENTS--GENERAL INFORMATION
fixed length control field 140707s2014 enk 000 0 eng|d
015 ## - NATIONAL BIBLIOGRAPHY NUMBER
National bibliography number GBB471545
Source bnb
016 7# - NATIONAL BIBLIOGRAPHIC AGENCY CONTROL NUMBER
Record control number 016783983
Source Uk
020 ## - INTERNATIONAL STANDARD BOOK NUMBER
International Standard Book Number 9781107662278 (pbk.) :
035 ## - SYSTEM CONTROL NUMBER
System control number (Uk)016783983
040 ## - CATALOGING SOURCE
Original cataloging agency StDuBDS
Language of cataloging eng
Description conventions rda
Transcribing agency StDuBDS
Modifying agency Uk
-- KH8
042 ## - AUTHENTICATION CODE
Authentication code ukblsr
082 04 - DEWEY DECIMAL CLASSIFICATION NUMBER
Classification number 428.24 GOU
100 1# - MAIN ENTRY--PERSONAL NAME
Personal name Gould, Mike
Titles and words associated with a name (Children's story writer),
Relator term author.
245 10 - TITLE STATEMENT
Title Cambridge International AS and A level English language /
Statement of responsibility, etc. by Mike Gould, Marilyn Rankin.
264 #1 - PRODUCTION, PUBLICATION, DISTRIBUTION, MANUFACTURE, AND COPYRIGHT NOTICE
Place of production, publication, distribution, manufacture Cambridge :
Name of producer, publisher, distributor, manufacturer Cambridge University Press,
Date of production, publication, distribution, manufacture, or copyright notice 2014.
300 ## - PHYSICAL DESCRIPTION
Extent vi, 298 pages ;
Other physical details col. ; ill. :
Dimensions 28 cm.
336 ## - CONTENT TYPE
Content type term text
Source rdacontent
337 ## - MEDIA TYPE
Media type term unmediated
Source rdamedia
338 ## - CARRIER TYPE
Carrier type term volume
Source rdacarrier
490 0# - SERIES STATEMENT
Series statement Cambridge International Examinations
500 ## - GENERAL NOTE
General note Formerly CIP.
Institution to which field applies Uk
650 #0 - SUBJECT ADDED ENTRY--TOPICAL TERM
Topical term or geographic name entry element English language
General subdivision Study and teaching (Secondary)
-- Foreign speakers.
700 1# - ADDED ENTRY--PERSONAL NAME
Personal name Rankin, Marilyn,
Relator term author.
942 ## - ADDED ENTRY ELEMENTS (KOHA)
Source of classification or shelving scheme
Koha item type Teaching Resources
Holdings
Withdrawn status Lost status Source of classification or shelving scheme Damaged status Not for loan Collection code Permanent Location Current Location Shelving location Date acquired Full call number Barcode Date last seen Price effective from Koha item type
          Teaching Resources KH8 Senior School Library KH8 Senior School Library Staff Office 2022-11-29 428.24 GOU TRKHSL000036 2022-11-29 2022-11-29 Teaching Resources
          Teaching Resources KH8 Senior School Library KH8 Senior School Library Staff Office 2023-09-12 428.24 GOU TRKHSL002986 2023-09-12 2023-09-12 Teaching Resources
          Teaching Resources KH8 Senior School Library KH8 Senior School Library Staff Office 2023-09-12 428.24 GOU TRKHSL002987 2023-09-12 2023-09-12 Teaching Resources
          Teaching Resources KH8 Senior School Library KH8 Senior School Library Staff Office 2023-09-12 428.24 GOU TRKHSL002988 2023-09-12 2023-09-12 Teaching Resources

Powered By KH8 IT Dept